Spieler mit den meisten Toren bei der Europameisterschaft - Statistiken

Allgemein
  • Dieses Quiz wurde 45 mal gespielt
  • Das Durchschnittsergebnis liegt bei 11 aus 21
Antwortstatistiken
Nationalität Tore Spieler % Korrekt
Portugal 14 Cristiano Ronaldo
100%
Belgien 6 Romelu Lukaku
85%
Polen 5 Robert Lewandowski
75%
Spanien 5 Fernando Torres
73%
Schweden 6 Zlatan Ibrahimović
73%
Niederlande 5 Marco van Basten
70%
Frankreich 9 Michel Platini
70%
England 6 Wayne Rooney
68%
Frankreich 6 Thierry Henry
65%
Deutschland 5 Mario Gómez
55%
Frankreich 7 Antoine Griezmann
53%
Westdeutschland / Deutschland 5 Jürgen Klinsmann
53%
Niederlande 6 Ruud van Nistelrooy
50%
Frankreich 5 Zinédine Zidane
48%
England 7 Alan Shearer
43%
Spanien 7 Álvaro Morata
40%
Tschechische Republik 6 Patrik Schick
30%
Niederlande 6 Patrick Kluivert
25%
Tschechische Republik 5 Milan Baroš
20%
Portugal 6 Nuno Gomes
15%
Jugoslawien 5 Savo Milošević
13%
Keine übereinstimmenden Quizze gefunden
Verteilung der Resultate
Anzahl Personen mit jedem Resultat
Perzentil nach korrekt beantworteten Fragen
Ihre Resultats-Entwicklung
Sie haben dieses Quiz noch nicht gespielt